[Event "Barcelona Tres Peons op 19th"]
[Site "Barcelona"]
[Date "2017.01.11"]
[Round "1"]
[White "Bieg Pagel, Clemens"]
[Black "Olivares Canelles, Francisco"]
[Result "0-1"]
[WhiteElo "1891"]
[BlackElo "2336"]
[PlyCount "80"]
[EventDate "2017.01.11"]
[EventType "swiss"]
[EventRounds "9"]
[EventCountry "ESP"]
[SourceTitle "EXT 2018"]
[Source "ChessBase"]
[SourceDate "2017.10.13"]
[SourceVersion "1"]
[SourceVersionDate "2017.10.13"]
[SourceQuality "1"]

1. e4 c6 2. Nc3 d5 3. Nf3 Bg4 4. h3 Bxf3 5. Qxf3 e6 6. d3 Nd7 7. a3 Bc5 8. g3 Ngf6 9. Bg2 0-0 10. 0-0 a5 11. Bf4 Bd4 12. Rab1 a4 13. Qd1 Qa5 14. Bd2 Qa7 15. Ne2 Bb6 16. Bc3 dxe4 17. dxe4 Rad8 18. Nf4 Ne5 19. Qe2 Bc7 20. Rbd1 b5 21. Nd3 Nfd7 22. Qh5 f6 23. Nf4 g6 24. Qe2 Rfe8 25. h4 Ba5 26. Qe1 Bxc3 27. Qxc3 Qc5 28. Bh3 Qxc3 29. bxc3 Kf7 30. Rd6 Nc5 31. Rfd1 Rxd6 32. Rxd6 Ke7 33. Rd1 Nxe4 34. Kf1 f5 35. Bg2 Nxc3 36. Re1 Kf6 37. Nh3 Nd5 38. Ng5 Re7 39. f4 Nc4 40. Kf2 Nxa3 0-1

[Event "Montcada op-A 24th"]
[Site "Montcada"]
[Date "2016.06.26"]
[Round "2"]
[White "Ortega Amarelle, Mariano"]
[Black "Olivares Canelles, Francisco"]
[Result "1-0"]
[WhiteElo "2473"]
[BlackElo "2297"]
[PlyCount "131"]
[EventDate "2016.06.25"]
[EventType "swiss"]
[EventRounds "9"]
[EventCountry "ESP"]
[EventCategory "8"]
[SourceTitle "CBM 173 Extra"]
[Source "ChessBase"]
[SourceDate "2016.08.29"]
[SourceVersion "1"]
[SourceVersionDate "2016.08.29"]
[SourceQuality "1"]

1. d4 Nf6 2. c4 e6 3. g3 d5 4. Bg2 Bb4+ 5. Nd2 0-0 6. Qc2 b6 7. Ngf3 Bb7 8. 0-0 Nbd7 9. Nb3 dxc4 10. Qxc4 a5 11. Bg5 h6 12. Bxf6 Nxf6 13. Ne5 Bxg2 14. Kxg2 Qd5+ 15. Qxd5 exd5 16. a3 Bd6 17. Nc6 Rfe8 18. e3 Nd7 19. Rac1 f6 20. Nd2 Kf7 21. Rfe1 Nb8 22. Nxb8 Raxb8 23. e4 dxe4 24. Nxe4 Ke6 25. Nc3+ Kd7 26. a4 Rxe1 27. Rxe1 c6 28. Ra1 Bb4 29. Kf3 Re8 30. g4 Kc7 31. h4 Kb7 32. h5 Ka6 33. Ne2 b5 34. b3 Kb6 35. Ng3 c5 36. dxc5+ Bxc5 37. Nf5 Bf8 38. Rc1 Rd8 39. Rc3 Rd7 40. Ke4 Bc5 41. f4 Rd2 42. axb5 Rd7 43. Rd3 Rc7 44. Rd8 Kxb5 45. Rb8+ Kc6 46. Kd3 Rd7+ 47. Kc4 Bb6 48. Rg8 Rd1 49. Rxg7 Rc1+ 50. Kd3 Rd1+ 51. Kc2 Rf1 52. Rf7 Rxf4 53. Nxh6 Rf2+ 54. Kd1 Rf3 55. Nf5 Rxb3 56. Rxf6+ Kc5 57. h6 Rh3 58. g5 Bd8 59. Rg6 a4 60. Rg8 Ba5 61. Ra8 Kb6 62. Rb8+ Ka7 63. Rb2 a3 64. Ra2 Kb6 65. g6 Bb4 66. g7 1-0

[Event "Barcelona Sant Marti op-A 17th"]
[Site "Barcelona"]
[Date "2015.07.19"]
[Round "7"]
[White "Olivares Canelles, Francisco"]
[Black "Alsina Leal, Daniel"]
[Result "0-1"]
[WhiteElo "2270"]
[BlackElo "2531"]
[PlyCount "92"]
[EventDate "2015.07.13"]
[EventType "swiss"]
[EventRounds "9"]
[EventCountry "ESP"]
[SourceTitle "CBM 167 Extra"]
[Source "ChessBase"]
[SourceDate "2015.09.14"]
[SourceVersion "1"]
[SourceVersionDate "2015.09.14"]
[SourceQuality "1"]

1. d4 Nf6 2. c4 g6 3. Nc3 d5 4. Nf3 Bg7 5. Qb3 dxc4 6. Qxc4 0-0 7. e4 Nc6 8. Be2 Bg4 9. Be3 Nd7 10. Qd3 Bxf3 11. gxf3 e5 12. d5 Nd4 13. Qd2 c5 14. h4 h5 15. Kf1 a6 16. Kg2 b5 17. Rag1 Nb6 18. b3 Kh7 19. Bd1 c4 20. Ne2 Qf6 21. Rh3 Rfe8 22. Qa5 Bh6 23. f4 Nxe2 24. fxe5 Nf4+ 25. Bxf4 Qxf4 26. Qxb6 Qxe4+ 27. Bf3 Qxe5 28. bxc4 bxc4 29. d6 Rad8 30. Qxa6 c3 31. Qc4 Rxd6 32. Qxf7+ Kh8 33. Qc4 Rf8 34. Rf1 Rd2 35. Rg3 c2 36. Rxg6 Rxf2+ 37. Kxf2 c1Q 38. Rxc1 Qe3+ 39. Kg2 Qxf3+ 40. Kh2 Bf4+ 41. Kg1 Be3+ 42. Kh2 Bf4+ 43. Kg1 Qe3+ 44. Kg2 Qd2+ 45. Kf3 Bb8+ 46. Ke4 Rf4# 0-1

[Event "Barcelona Sant Marti op-A 17th"]
[Site "Barcelona"]
[Date "2015.07.16"]
[Round "4"]
[White "Das, Sayantan"]
[Black "Olivares Canelles, Francisco"]
[Result "1-0"]
[WhiteElo "2444"]
[BlackElo "2270"]
[PlyCount "117"]
[EventDate "2015.07.13"]
[EventType "swiss"]
[EventRounds "9"]
[EventCountry "ESP"]
[SourceTitle "CBM 167 Extra"]
[Source "ChessBase"]
[SourceDate "2015.09.14"]
[SourceVersion "1"]
[SourceVersionDate "2015.09.14"]
[SourceQuality "1"]

1. e4 e5 2. Nf3 Nc6 3. Bb5 a6 4. Ba4 Nf6 5. 0-0 Be7 6. Re1 b5 7. Bb3 0-0 8. d4 d6 9. c3 exd4 10. cxd4 d5 11. e5 Ne4 12. h3 Bf5 13. Nbd2 Nb4 14. Nf1 c5 15. dxc5 Nxc5 16. Nd4 Bg6 17. Ne3 Ncd3 18. Rf1 Bc5 19. Nec2 Nxc2 20. Bxc2 Bxd4 21. Bxd3 Bxe5 22. Bxg6 hxg6 23. f4 Bf6 24. f5 gxf5 25. Rxf5 Re8 26. Bf4 Qb6+ 27. Kh2 Rad8 28. Qg4 Re4 29. Qg3 Qe6 30. Rxf6 Qxf6 31. Bg5 Qxb2 32. Rf1 Qe2 33. Rf2 Qxf2 34. Qxf2 f6 35. Bd2 d4 36. Qf3 Rde8 37. a3 R8e6 38. Qf5 R4e5 39. Qd3 Rd5 40. g4 Kf7 41. Kg3 g6 42. Kf2 f5 43. g5 Re4 44. Qc2 Rde5 45. Qc6 Re6 46. Qd7+ Re7 47. Qd5+ R7e6 48. Bb4 Re2+ 49. Kf1 R2e4 50. Qd8 Kg7 51. Bf8+ Kf7 52. Bb4 Kg7 53. Qf8+ Kh7 54. Qf7+ Kh8 55. Bd2 Re2 56. h4 Re7 57. Qf8+ Kh7 58. Qh6+ Kg8 59. Qxg6+ 1-0

[Event "Barcelona Sant Marti op-A 17th"]
[Site "Barcelona"]
[Date "2015.07.14"]
[Round "2"]
[White "Gonzalez Perez, Arian"]
[Black "Olivares Canelles, Francisco"]
[Result "0-1"]
[WhiteElo "2440"]
[BlackElo "2270"]
[PlyCount "88"]
[EventDate "2015.07.13"]
[EventType "swiss"]
[EventRounds "9"]
[EventCountry "ESP"]
[SourceTitle "CBM 167 Extra"]
[Source "ChessBase"]
[SourceDate "2015.09.14"]
[SourceVersion "1"]
[SourceVersionDate "2015.09.14"]
[SourceQuality "1"]

1. e4 c6 2. d4 d5 3. Nc3 dxe4 4. Nxe4 Bf5 5. Ng3 Bg6 6. h4 h6 7. Nf3 Nd7 8. h5 Bh7 9. Bd3 Bxd3 10. Qxd3 e6 11. Bd2 Ngf6 12. 0-0-0 Be7 13. Ne4 Nxe4 14. Qxe4 Nf6 15. Qd3 c5 16. Ne5 0-0 17. dxc5 Qc7 18. f4 Qxc5 19. Qb3 a5 20. a3 a4 21. Qf3 Rac8 22. Bc3 Rc7 23. Rd3 Nd5 24. Rhd1 Nxf4 25. Rd7 Nd5 26. Rd3 Bf6 27. Rxc7 Qxc7 28. Ng4 Bxc3 29. bxc3 Rc8 30. Kd2 Nf4 31. Rd4 Nd5 32. c4 Nb6 33. Ne3 Qc5 34. Rg4 Nd7 35. Qxb7 Nf6 36. Rh4 Rd8+ 37. Ke2 Qxa3 38. Qb6 Qe7 39. Qa5 a3 40. Rh1 Ne4 41. Rd1 Rc8 42. Qe5 Qb7 43. Qa5 a2 44. Ra1 Qb2 0-1

[Event "Capablanca Memorial op-A 48th"]
[Site "Havana"]
[Date "2013.04.30"]
[Round "9"]
[White "Barros Rivadeneira, Cristhian"]
[Black "Olivares Canelles, Francisco"]
[Result "0-1"]
[WhiteElo "2222"]
[BlackElo "2324"]
[PlyCount "48"]
[EventDate "2013.04.21"]
[EventType "swiss"]
[EventRounds "10"]
[EventCountry "CUB"]
[SourceTitle "CBM 154 Extra"]
[Source "ChessBase"]
[SourceDate "2013.06.25"]
[SourceVersion "2"]
[SourceVersionDate "2013.06.25"]
[SourceQuality "1"]

1. e4 e5 2. Nf3 Nc6 3. Bb5 a6 4. Bxc6 dxc6 5. 0-0 Qd6 6. d3 Bd7 7. Be3 0-0-0 8. Nbd2 f6 9. Rb1 Nh6 10. Nc4 Qe7 11. Bxh6 gxh6 12. Nh4 Be6 13. Qe2 Qd7 14. a3 Rg8 15. Ne3 Bf7 16. Nhf5 Rg6 17. Kh1 Kb8 18. f4 Bd6 19. fxe5 fxe5 20. Rf3 Rdg8 21. Rbf1 Be6 22. g3 Qd8 23. Nh4 Bh3 24. Rg1 Qxh4 0-1

[Event "Capablanca Memorial op-A 48th"]
[Site "Havana"]
[Date "2013.04.24"]
[Round "4"]
[White "Olivares Canelles, Francisco"]
[Black "Martinez Duany, Lelys Stanley"]
[Result "0-1"]
[WhiteElo "2324"]
[BlackElo "2459"]
[PlyCount "60"]
[EventDate "2013.04.21"]
[EventType "swiss"]
[EventRounds "10"]
[EventCountry "CUB"]
[SourceTitle "CBM 154 Extra"]
[Source "ChessBase"]
[SourceDate "2013.06.25"]
[SourceVersion "2"]
[SourceVersionDate "2013.06.25"]
[SourceQuality "1"]

1. d4 Nf6 2. Nf3 e6 3. Bg5 d5 4. Nbd2 h6 5. Bh4 Be7 6. e3 c5 7. c3 Nc6 8. Bd3 0-0 9. Qe2 Qb6 10. 0-0-0 Bd7 11. Ne5 Rfd8 12. Bxf6 Bxf6 13. f4 Rac8 14. Kb1 Nxe5 15. fxe5 Be7 16. Ka1 Qa5 17. Rdf1 Be8 18. Rf4 Rc6 19. Nb1 c4 20. Bc2 Ra6 21. a3 b5 22. Rhf1 b4 23. cxb4 Qxb4 24. R1f2 Rb8 25. Bd1 Qb7 26. Qc2 Bb4 27. Qc1 c3 28. Nxc3 Rxa3+ 29. bxa3 Bxc3+ 30. Ka2 Qb5 0-1

[Event "Havana UCI op 9th"]
[Site "Havana"]
[Date "2010.11.17"]
[Round "7"]
[White "Olivares Canelles, Francisco"]
[Black "Vargas Rodriguez, Wilver"]
[Result "1-0"]
[WhiteElo "2298"]
[BlackElo "2085"]
[PlyCount "61"]
[EventDate "2010.11.08"]
[EventType "swiss"]
[EventRounds "9"]
[EventCountry "CUB"]
[SourceTitle "CBM 139 Extra"]
[Source "ChessBase"]
[SourceDate "2011.01.05"]
[SourceVersion "1"]
[SourceVersionDate "2011.01.05"]
[SourceQuality "1"]

1. d4 Nf6 2. c4 e6 3. Nc3 Be7 4. e4 0-0 5. Bd3 Ne8 6. Nge2 c5 7. d5 d6 8. Ng3 Bf6 9. 0-0 g6 10. Bh6 Bg7 11. Bxg7 Nxg7 12. f4 Nd7 13. Qd2 e5 14. f5 Qh4 15. Rf3 Nf6 16. Raf1 g5 17. a3 Bd7 18. b4 b6 19. Rb1 Rab8 20. Nf1 g4 21. g3 Qh5 22. Rf2 h6 23. Be2 Rfc8 24. h4 cxb4 25. axb4 Nxf5 26. exf5 Bxf5 27. Ne3 Bxb1 28. Rxf6 e4 29. Nxg4 Kg7 30. Qf4 Rh8 31. Rf5 1-0

[Event "Havana UCI op 9th"]
[Site "Havana"]
[Date "2010.11.15"]
[Round "5"]
[White "Olivares Canelles, Francisco"]
[Black "De Quesada Pena, Alexei"]
[Result "1-0"]
[WhiteElo "2298"]
[BlackElo "2231"]
[PlyCount "67"]
[EventDate "2010.11.08"]
[EventType "swiss"]
[EventRounds "9"]
[EventCountry "CUB"]
[SourceTitle "CBM 139 Extra"]
[Source "ChessBase"]
[SourceDate "2011.01.05"]
[SourceVersion "1"]
[SourceVersionDate "2011.01.05"]
[SourceQuality "1"]

1. d4 Nf6 2. c4 b6 3. Nc3 Bb7 4. f3 e6 5. e4 d6 6. Bd3 c5 7. d5 e5 8. Nge2 g6 9. Be3 Bg7 10. h4 h6 11. Qd2 Nbd7 12. Nd1 Qe7 13. Nf2 h5 14. Bg5 Qf8 15. g4 0-0-0 16. Bc2 Re8 17. Ng3 hxg4 18. fxg4 Ng8 19. h5 Bh6 20. Bxh6 Qxh6 21. hxg6 Qxd2+ 22. Kxd2 Ne7 23. gxf7 Ref8 24. Nf5 Rxh1 25. Rxh1 Nxf5 26. exf5 Rxf7 27. Ne4 Kc7 28. Ng5 Re7 29. Ne6+ Kb8 30. Rh8+ Bc8 31. g5 e4 32. f6 Rf7 33. Bxe4 Nxf6 34. Bg6 1-0

[Event "Havana UCI op 9th"]
[Site "Havana"]
[Date "2010.11.12"]
[Round "4"]
[White "Hernandez Fernandez, Ramon Alberto"]
[Black "Olivares Canelles, Francisco"]
[Result "1/2-1/2"]
[WhiteElo "2284"]
[BlackElo "2298"]
[PlyCount "66"]
[EventDate "2010.11.08"]
[EventType "swiss"]
[EventRounds "9"]
[EventCountry "CUB"]
[SourceTitle "CBM 139 Extra"]
[Source "ChessBase"]
[SourceDate "2011.01.05"]
[SourceVersion "1"]
[SourceVersionDate "2011.01.05"]
[SourceQuality "1"]

1. e4 g6 2. d4 Bg7 3. Nc3 c6 4. f4 d5 5. e5 h5 6. Be3 Nh6 7. Nf3 Bg4 8. h3 Bxf3 9. Qxf3 h4 10. Bd3 e6 11. 0-0 Nd7 12. Ne2 Bf8 13. b3 Be7 14. c4 Kf8 15. Kh1 Kg7 16. Ng1 f5 17. exf6+ Nxf6 18. cxd5 cxd5 19. Bf2 Nf5 20. Qe2 Bd6 21. Nf3 Bxf4 22. Kg1 Qd6 23. Rae1 Rae8 24. Ne5 Bg3 25. Qf3 Qb6 26. Bxf5 exf5 27. Bxg3 hxg3 28. Qxg3 Ne4 29. Qe3 Rc8 30. Rc1 Nf6 31. Nd7 Nxd7 32. Qe7+ Kh6 33. Qh4+ Kg7 1/2-1/2

[Event "Havana UCI op 9th"]
[Site "Havana"]
[Date "2010.11.11"]
[Round "3"]
[White "Olivares Canelles, Francisco"]
[Black "Rey Rodriguez, Yosvany"]
[Result "1-0"]
[WhiteElo "2298"]
[BlackElo "2159"]
[PlyCount "69"]
[EventDate "2010.11.08"]
[EventType "swiss"]
[EventRounds "9"]
[EventCountry "CUB"]
[SourceTitle "CBM 139 Extra"]
[Source "ChessBase"]
[SourceDate "2011.01.05"]
[SourceVersion "1"]
[SourceVersionDate "2011.01.05"]
[SourceQuality "1"]

1. d4 Nf6 2. c4 g6 3. Nc3 d5 4. cxd5 Nxd5 5. e4 Nxc3 6. bxc3 Bg7 7. Bc4 0-0 8. Ne2 c5 9. 0-0 Nc6 10. Be3 Bg4 11. f3 Na5 12. Bd3 cxd4 13. cxd4 Bd7 14. Rc1 Rc8 15. Qd2 f5 16. Rxc8 Bxc8 17. Rc1 fxe4 18. fxe4 Bg4 19. h3 Bxe2 20. Bxe2 Nc6 21. e5 Qd7 22. Kh1 e6 23. Bb5 Qd5 24. Rc5 Qe4 25. Bd3 Qh4 26. Bc4 Qe7 27. Bb5 Rc8 28. Qc3 Qd7 29. Qb3 a6 30. Bc4 Re8 31. d5 Nxe5 32. dxe6 Qd6 33. Qxb7 Rxe6 34. Qc8+ Kf7 35. Rc7+ 1-0

[Event "Havana UCI op 9th"]
[Site "Havana"]
[Date "2010.11.09"]
[Round "1"]
[White "Olivares Canelles, Francisco"]
[Black "Perez Torres, Youset"]
[Result "1-0"]
[WhiteElo "2298"]
[BlackElo "2096"]
[PlyCount "47"]
[EventDate "2010.11.08"]
[EventType "swiss"]
[EventRounds "9"]
[EventCountry "CUB"]
[SourceTitle "CBM 139 Extra"]
[Source "ChessBase"]
[SourceDate "2011.01.05"]
[SourceVersion "1"]
[SourceVersionDate "2011.01.05"]
[SourceQuality "1"]

1. d4 d5 2. c4 e6 3. Nc3 Nf6 4. cxd5 exd5 5. Bg5 Be7 6. e3 c6 7. Qc2 h6 8. Bh4 Nh5 9. Bxe7 Qxe7 10. Nxd5 Qd6 11. Nc3 0-0 12. Be2 Nf6 13. Nf3 Bg4 14. h3 Be6 15. g4 g6 16. Ne5 Nbd7 17. f4 c5 18. 0-0-0 cxd4 19. Rxd4 Qc7 20. Nxg6 Rfc8 21. Ne7+ Kf8 22. Nxc8 Rxc8 23. Rhd1 Nc5 24. Kb1 1-0

[Event "Cienfuegos Rodriguez Memorial"]
[Site "Cienfuegos"]
[Date "2010.11.06"]
[Round "8"]
[White "Olivares Canelles, Francisco"]
[Black "Marrero Fernandez, Ahmed"]
[Result "1-0"]
[WhiteElo "2283"]
[BlackElo "2115"]
[PlyCount "89"]
[EventDate "2010.11.02"]
[EventType "tourn"]
[EventRounds "10"]
[EventCountry "CUB"]
[SourceTitle "EXT 2024"]
[Source "ChessBase"]
[SourceDate "2023.10.10"]
[SourceVersion "1"]
[SourceVersionDate "2023.10.10"]
[SourceQuality "1"]

1. d4 Nf6 2. Nf3 g6 3. Bf4 Bg7 4. e3 d6 5. h3 0-0 6. Be2 c5 7. Nbd2 Nc6 8. Bh2 Bf5 9. 0-0 Rc8 10. c3 a6 11. a4 Na5 12. d5 Qb6 13. Ra2 c4 14. g4 Be4 15. g5 Bxf3 16. Bxf3 Nd7 17. Kh1 Ne5 18. Bg2 Nb3 19. Nxb3 Qxb3 20. Qxb3 cxb3 21. Ra3 Nc4 22. Rxb3 Nd2 23. Rxb7 Nxf1 24. Bxf1 Rb8 25. Rxe7 Rxb2 26. Bxa6 Rxf2 27. c4 Rd8 28. Bg3 Ra2 29. Bb5 Ra1+ 30. Kg2 Ra2+ 31. Kf3 h5 32. Rc7 Ra3 33. Ke4 Bf8 34. Ra7 Bg7 35. a5 Bc3 36. a6 Bd2 37. Bf4 Bb4 38. h4 Bc5 39. Rc7 Bb4 40. c5 dxc5 41. d6 c4 42. d7 c3 43. Rc8 Be7 44. Bc7 c2 45. Bxd8 1-0

[Event "Cienfuegos Rodriguez Memorial"]
[Site "Cienfuegos"]
[Date "2010.11.02"]
[Round "2"]
[White "Olivares Canelles, Francisco"]
[Black "Ragolta Franco, Eduardo"]
[Result "1-0"]
[WhiteElo "2283"]
[BlackElo "2194"]
[PlyCount "65"]
[EventDate "2010.11.02"]
[EventType "tourn"]
[EventRounds "10"]
[EventCountry "CUB"]
[SourceTitle "EXT 2024"]
[Source "ChessBase"]
[SourceDate "2023.10.10"]
[SourceVersion "1"]
[SourceVersionDate "2023.10.10"]
[SourceQuality "1"]

1. d4 Nf6 2. c4 e6 3. Nc3 Bb4 4. e3 0-0 5. Bd3 d5 6. a3 Be7 7. cxd5 Nxd5 8. Nf3 Nxc3 9. bxc3 c5 10. 0-0 Nc6 11. Bb2 Bf6 12. Qc2 g6 13. Rfd1 cxd4 14. exd4 Bd7 15. c4 Rc8 16. Bc3 b5 17. c5 Ne7 18. Qd2 Qc7 19. Rab1 a6 20. Ba5 Qa7 21. Qh6 Bg7 22. Qh4 Nf5 23. Bxf5 exf5 24. Bb6 Qb7 25. d5 Rfe8 26. Qg5 Re4 27. Qd2 Rce8 28. Rbc1 f4 29. Ba5 Bg4 30. c6 Qa7 31. Re1 Bf8 32. Rxe4 Rxe4 33. d6 1-0

[Event "Havana Province-ch final"]
[Site "Havana"]
[Date "2010.10.25"]
[Round "8"]
[White "Olivares Canelles, Francisco"]
[Black "Cordero Rodriguez, Raul"]
[Result "1-0"]
[WhiteElo "2283"]
[BlackElo "1935"]
[PlyCount "45"]
[EventDate "2010.10.18"]
[EventType "tourn"]
[EventRounds "11"]
[EventCountry "CUB"]
[SourceTitle "EXT 2019"]
[Source "ChessBase"]
[SourceDate "2018.10.10"]
[SourceVersion "1"]
[SourceVersionDate "2018.10.10"]
[SourceQuality "1"]

1. d4 d5 2. c4 e6 3. Nc3 Nf6 4. cxd5 exd5 5. Bg5 Be7 6. e3 c6 7. Qc2 Nbd7 8. Bd3 0-0 9. Nge2 Re8 10. 0-0 Nf8 11. f3 h6 12. Bh4 N6h7 13. Bf2 Bd6 14. Kh1 Nf6 15. g4 Bxg4 16. fxg4 Nxg4 17. Nf4 Nxe3 18. Bxe3 Rxe3 19. Qd2 Qe7 20. Nfxd5 cxd5 21. Nxd5 Qh4 22. Nxe3 Bf4 23. Nf5 1-0

[Event "Havana Province-ch final"]
[Site "Havana"]
[Date "2010.10.20"]
[Round "3"]
[White "Olivares Canelles, Francisco"]
[Black "Rodriguez Bravo, Alfredo"]
[Result "1-0"]
[WhiteElo "2283"]
[BlackElo "2085"]
[PlyCount "51"]
[EventDate "2010.10.18"]
[EventType "tourn"]
[EventRounds "11"]
[EventCountry "CUB"]
[SourceTitle "EXT 2019"]
[Source "ChessBase"]
[SourceDate "2018.10.10"]
[SourceVersion "1"]
[SourceVersionDate "2018.10.10"]
[SourceQuality "1"]

1. d4 Nf6 2. c4 e6 3. Nc3 b6 4. Nf3 Ba6 5. b3 d5 6. g3 Bb4 7. Bd2 c6 8. Bg2 Nbd7 9. 0-0 0-0 10. Nxd5 Nxd5 11. cxd5 cxd5 12. Bxb4 Re8 13. Rc1 Rc8 14. Rxc8 Qxc8 15. Qd2 Nf6 16. Rc1 Qd7 17. Ne5 Qb7 18. Qc2 Qc8 19. Qxc8 Rxc8 20. Rxc8+ Bxc8 21. Nc6 Ba6 22. e3 Bd3 23. Nxa7 Nd7 24. Bf1 Bb1 25. Bb5 Nf6 26. a4 1-0

[Event "Agosto de Victorias-A 4th"]
[Site "Havana"]
[Date "2010.08.08"]
[Round "6"]
[White "Olivares Canelles, Francisco"]
[Black "Fernandez Cardoso, Alexey"]
[Result "0-1"]
[WhiteElo "2296"]
[BlackElo "2406"]
[PlyCount "94"]
[EventDate "2010.08.02"]
[EventType "tourn"]
[EventRounds "10"]
[EventCountry "CUB"]
[EventCategory "2"]
[SourceTitle "EXT 2012"]
[Source "ChessBase"]
[SourceDate "2011.11.24"]
[SourceVersion "1"]
[SourceVersionDate "2011.11.24"]
[SourceQuality "1"]

1. d4 d5 2. c4 c6 3. Nf3 Nf6 4. e3 e6 5. Nc3 Nbd7 6. Bd3 dxc4 7. Bxc4 b5 8. Bd3 Bb7 9. 0-0 Be7 10. e4 b4 11. e5 bxc3 12. exf6 Nxf6 13. bxc3 0-0 14. Re1 c5 15. Qe2 Nd5 16. Bd2 cxd4 17. cxd4 Qd6 18. Ne5 Bf6 19. Rad1 Rac8 20. Qg4 Kh8 21. h4 Rc7 22. h5 Bd8 23. h6 gxh6 24. Qh5 f6 25. Nc4 Qa6 26. Rc1 Rg8 27. g3 Rcg7 28. Bxh6 Rg4 29. Qf7 Nc7 30. Ne3 R4g6 31. Bf4 R6g7 32. Qh5 Ba8 33. Bc4 Qb6 34. Red1 Qb7 35. d5 exd5 36. Nxd5 Ne6 37. Bh6 Rg4 38. Bf1 Nd4 39. Bg2 Ne2+ 40. Kh2 Nxc1 41. Ne3 Re4 42. Nf5 Bb6 43. Rxc1 Bxf2 44. Bf4 Qb2 45. Kh3 Rxf4 46. Rc7 Bxg2+ 47. Kh2 Bg1+ 0-1

[Event "Agosto de Victorias-A 4th"]
[Site "Havana"]
[Date "2010.08.06"]
[Round "5"]
[White "Olivares Canelles, Francisco"]
[Black "Soto Hernandez, Henry"]
[Result "0-1"]
[WhiteElo "2296"]
[BlackElo "2273"]
[PlyCount "81"]
[EventDate "2010.08.02"]
[EventType "tourn"]
[EventRounds "10"]
[EventCountry "CUB"]
[EventCategory "2"]
[SourceTitle "EXT 2012"]
[Source "ChessBase"]
[SourceDate "2011.11.24"]
[SourceVersion "1"]
[SourceVersionDate "2011.11.24"]
[SourceQuality "1"]

1. d4 Nf6 2. c4 g6 3. Nc3 Bg7 4. e4 d6 5. f4 0-0 6. Nf3 c5 7. d5 e6 8. Be2 exd5 9. cxd5 Re8 10. e5 dxe5 11. fxe5 Ng4 12. e6 fxe6 13. Bg5 Qb6 14. Qd2 Na6 15. d6 Nb4 16. 0-0 Nd5 17. Nxd5 exd5 18. Qxd5+ Be6 19. Qd2 Qxb2 20. Qxb2 Bxb2 21. Rab1 Bf6 22. Rfd1 Bxa2 23. d7 Rxe2 24. Bxf6 Bxb1 25. d8Q+ Rxd8 26. Rxd8+ Kf7 27. Bh4 Bf5 28. h3 Ne5 29. Ng5+ Kg7 30. Kf1 Nc6 31. Rd5 Re5 32. Rd6 Re7 33. g4 Rd7 34. Ne6+ Bxe6 35. Rxe6 Nd4 36. Re8 c4 37. Rc8 b5 38. Be1 Kf7 39. Bc3 Ne6 40. Ke1 Rd5 41. Ke2 0-1

[Event "Agosto de Victorias-A 4th"]
[Site "Havana"]
[Date "2010.08.05"]
[Round "4"]
[White "Oliva Castaneda, Kevel"]
[Black "Olivares Canelles, Francisco"]
[Result "1-0"]
[WhiteElo "2219"]
[BlackElo "2296"]
[PlyCount "111"]
[EventDate "2010.08.02"]
[EventType "tourn"]
[EventRounds "10"]
[EventCountry "CUB"]
[EventCategory "2"]
[SourceTitle "EXT 2012"]
[Source "ChessBase"]
[SourceDate "2011.11.24"]
[SourceVersion "1"]
[SourceVersionDate "2011.11.24"]
[SourceQuality "1"]

1. e4 e5 2. Nf3 Nf6 3. Nxe5 d6 4. Nf3 Nxe4 5. Nc3 Nxc3 6. dxc3 Be7 7. Be3 0-0 8. Qd2 Nc6 9. 0-0-0 a6 10. Kb1 b5 11. Bd3 Bf6 12. Be4 Bb7 13. Qd3 g6 14. h4 Re8 15. Bd5 Ne5 16. Nxe5 Bxd5 17. Qxd5 Rxe5 18. Qf3 h5 19. g4 hxg4 20. Qxg4 Rh5 21. Rdg1 Rxh4 22. Rxh4 Bxh4 23. f4 Qe7 24. Bc1 Kg7 25. f5 Rh8 26. fxg6 Qe6 27. Qd4+ Bf6 28. gxf7+ Kxf7 29. Qa7 Qc4 30. Qxa6 Ke6 31. Qa7 Kd7 32. Qf2 Be5 33. a3 Kc6 34. Rd1 Kb7 35. Qf3+ Qc6 36. Rd5 Ka6 37. a4 Rb8 38. Qd3 Qe8 39. axb5+ Rxb5 40. Qc4 c6 41. Rd3 Kb7 42. Rh3 Qa8 43. Qf7+ Kb6 44. c4 Rb4 45. c3 Ra4 46. c5+ dxc5 47. Qb3+ Kc7 48. Rh7+ Kd6 49. Qd1+ Bd4 50. Bf4+ Ke6 51. Qg4+ Kd5 52. Qf3+ Ke6 53. Qe4+ Kf6 54. Rh6+ Kf7 55. Qe6+ Kg7 56. Qg6+ 1-0

[Event "Rodriguez Gonzalez Memorial"]
[Site "Havana"]
[Date "2010.07.06"]
[Round "9"]
[White "Olivares Canelles, Francisco"]
[Black "Hernandez Sotelo, Jose I"]
[Result "1-0"]
[WhiteElo "2296"]
[BlackElo "2141"]
[PlyCount "89"]
[EventDate "2010.06.24"]
[EventType "tourn"]
[EventRounds "10"]
[EventCountry "CUB"]
[SourceTitle "EXT 2011"]
[Source "ChessBase"]
[SourceDate "2010.11.26"]
[SourceVersion "1"]
[SourceVersionDate "2010.11.26"]
[SourceQuality "1"]

1. d4 Nf6 2. c4 c5 3. d5 e5 4. Nc3 d6 5. e4 Be7 6. Nf3 Nbd7 7. Bd3 a6 8. h3 h5 9. Be3 Nf8 10. a3 h4 11. Qd2 Ng6 12. Ng1 Nh5 13. Nge2 Bd7 14. b4 b6 15. Rb1 Bf6 16. Rb3 Qe7 17. bxc5 bxc5 18. 0-0 0-0 19. Rfb1 Rfd8 20. Bc2 Qe8 21. Rb6 Bc8 22. Ba4 Qe7 23. Bc6 Ra7 24. Na4 Nhf4 25. Rb8 Bg5 26. Nb6 Bb7 27. Rxd8+ Qxd8 28. Ba4 Kh7 29. Kh2 Bc8 30. Bc6 Bh6 31. a4 f5 32. Nc3 Rf7 33. Qc2 fxe4 34. Nxc8 Qxc8 35. Qxe4 Kg8 36. Rb6 Ne7 37. Bb7 Qc7 38. a5 Nf5 39. Bxa6 Qd8 40. Bb5 Nd4 41. Ba4 Ra7 42. Qb1 Qg5 43. Rb8+ Kf7 44. Rf8+ Kxf8 45. Qb8+ 1-0